| 000 | 00849nam a2200253Ia 4500 | ||
|---|---|---|---|
| 003 | OSt | ||
| 005 | 20220918112005.0 | ||
| 006 | a|||||r|||| 00| 0 | ||
| 007 | ta | ||
| 008 | 220915b |||||||| |||| 00| 0 hin d | ||
| 024 | _a184435 | ||
| 037 | _cTextbook | ||
| 040 |
_bhin _aARTS _cARTS |
||
| 041 | _ahin | ||
| 082 | _aO152,1vL, M2 | ||
| 100 | _aरहमत उल्लाह | ||
| 245 | 0 | _aदक्खिनी हिन्दी और उसके प्रेमाख्यान | |
| 246 | _aDakkhinī hindī aur usake premākhyāna | ||
| 260 |
_aश्रीनगर _bअनुभव प्रका0 भारत _c1982 |
||
| 300 |
_a127 पृ0 _ccm. |
||
| 650 | _aहिन्दी साहित्य | ||
| 942 |
_hO152,1vL, M2 _cTB _2CC |
||
| 999 |
_c117743 _d117743 |
||